000 01033cab a22002055a 4500
001 L152545
008 110325e20110305xxk 000 0 eng d
035 _a(Sirsi) u152545
041 0 _aeng
100 1 _aRobinson, Kevin
245 0 0 _aDebunking the myths
260 _c2011
490 _aEstates Gazette
_v(1109) 5 March 2011, 158(1)
520 _aInformation about the Bribery Act 2010 which comes into force shortly. Argues that predictions of the Act having serious consequences for business entertaining are wrong and that expenditure on corporate hospitality for legitimate commercial purposes will not be affected. Gives details of golden rules that businesses are advised to follow to make sure they do not break the new law including the importance of recording everything and being clear about the purposes for which genuine business entertainment exists.
590 _aKA
650 2 4 _aBRIBERY ACT 2010
651 4 _aUnited Kingdom
690 _aMANAGEMENT-BUSINESS MANAGEMENT-PROFESSIONAL PRACTICE
942 _n0
999 _c83000
_d83000